000 00670cab a2200241 4500
001 ABS46891
008 090401t1992 xxu||||| |||| 00| 0 eng d
035 _a(Sirsi) u59996
041 _aeng
245 _aGrampian and Tayside
260 _c1992
350 _a0
490 _aEstates Times
_v(1156) 21/28 August 1992, 17-22(6)
520 _aAn "Estates Times" survey, covering the property markets of Aberdeen, Perth and Dundee.
650 _aABERDEEN
650 _aDUNDEE
650 _aPERTH
650 _aPROPERTY MARKET
650 _aSCOTLAND
690 _aPROPERTY-COMMERCIAL PROPERTY-COMMERCIAL PROPERTY MARKET
942 _n0
948 _c04/03/1997
999 _c36930
_d36930